000 00703nam a2200229Ia 4500
001 10002
003 GE_BSU
008 181216s||||||||xx |||||||||||||| ||und||
040 _cGE_BSU
080 _a821.353.1–32
100 _aპაჭკორია,ოტია
245 _aშენდობა
245 _bმოთხრობები
245 _cრედ.ლ.ბრეგვაძე,მხატვ.ი.გუკიევა
260 _aთბილისი
260 _bსაბჭოთა საქართველო
260 _c1986
300 _a110გვ.20სმ.
653 _aმოთხრობები
653 _aშენდობა
942 _cBK
999 _c43275
_d43275